[Event "GBR-ch"]
[Site "Aberystwyth, Wales"]
[Date "2014.07.24"]
[Round "6.18"]
[White "Hill, Alistair"]
[Black "Jones, Steven A"]
[Result "1/2-1/2"]
[WhiteElo "2126"]
[BlackElo "2064"]
[PlyCount "65"]
[EventDate "2014.07.19"]
[EventType "swiss"]
[EventRounds "11"]
[EventCountry "GBR"]
[Source "John Saunders"]
[SourceDate "2015.07.24"]

1. e4 c5 2. Nf3 Nc6 3. d4 cxd4 4. Nxd4 Nf6 5. Nc3 e5 6. Ndb5 d6 7. Bg5 a6 8.
Na3 b5 9. Bxf6 gxf6 10. Nd5 f5 11. Bd3 Be6 12. O-O Bxd5 13. exd5 Ne7 14. Nxb5
Bg7 15. Nc3 e4 16. Bc4 Qc8 17. Bb3 Bxc3 18. bxc3 Qxc3 19. Qh5 Rg8 20. Rab1 Rg7
21. Ba4+ Kf8 22. Rb7 Qc8 23. Rfb1 Nxd5 24. Qh6 Qd8 25. Bd7 Qf6 26. Qxf6 Nxf6
27. Rb8+ Rxb8 28. Rxb8+ Ke7 29. Bxf5 Rg5 30. Rb7+ Ke8 31. Rb8+ Ke7 32. Rb7+ Ke8
33. Rb8+ 1/2-1/2

[Event "GBR-ch"]
[Site "Aberystwyth, Wales"]
[Date "2014.07.24"]
[Round "6.19"]
[White "Burnett, Jim"]
[Black "Kalaiyalahan, Akshaya"]
[Result "1-0"]
[WhiteElo "2124"]
[BlackElo "2016"]
[PlyCount "105"]
[EventDate "2014.07.19"]
[EventType "swiss"]
[EventRounds "11"]
[EventCountry "GBR"]
[Source "John Saunders"]
[SourceDate "2015.07.24"]

1. d4 Nf6 2. c4 g6 3. g3 Bg7 4. Bg2 d6 5. Nc3 O-O 6. Nf3 Nc6 7. O-O Bf5 8. d5
Na5 9. Nd2 c6 10. b4 Nxc4 11. Nxc4 Nxd5 12. Nxd5 Bxa1 13. Bh6 Bg7 14. Bxg7 Kxg7
15. Nde3 Be6 16. f4 Bxc4 17. Nxc4 d5 18. Qd4+ f6 19. Nd2 Qb6 20. Nb3 e5 21. Qc5
Rfe8 22. f5 gxf5 23. Rxf5 Qxc5+ 24. Nxc5 Re7 25. e3 a6 26. a4 Rd8 27. Rf1 Ra8
28. a5 Rd8 29. Bh3 Kf7 30. Bf5 h6 31. Rd1 d4 32. Kg2 Ke8 33. Bg6+ Kf8 34. Kf3
Rd5 35. Be4 Rd6 36. Nb3 f5 37. Bxf5 e4+ 38. Ke2 d3+ 39. Kd2 Rd5 40. Nd4 c5 41.
bxc5 Rxc5 42. Ne6+ Rxe6 43. Bxe6 Rxa5 44. Bb3 Rf5 45. Kc3 Rb5 46. Rf1+ Kg7 47.
Rf4 Rc5+ 48. Kd4 Rb5 49. Bd5 Rb2 50. Bxe4 Rxh2 51. Kxd3 b5 52. Bb7 a5 53. Rf5
1-0

[Event "GBR-ch"]
[Site "Aberystwyth, Wales"]
[Date "2014.07.24"]
[Round "6.20"]
[White "Menadue, Jeremy F S"]
[Black "Hoare, Amy B"]
[Result "1/2-1/2"]
[WhiteElo "2117"]
[BlackElo "1950"]
[PlyCount "75"]
[EventDate "2014.07.19"]
[EventType "swiss"]
[EventRounds "11"]
[EventCountry "GBR"]
[Source "John Saunders"]
[SourceDate "2015.07.24"]

1. c4 e6 2. d4 d5 3. Nc3 Nf6 4. Bg5 Be7 5. e3 O-O 6. cxd5 exd5 7. Qc2 Nbd7 8.
Bd3 c6 9. Nge2 Re8 10. f3 Nf8 11. O-O g6 12. Bh4 Ne6 13. Rad1 Nh5 14. Bf2 Bd6
15. g4 Nhg7 16. Bg3 Ng5 17. Qd2 h5 18. Bxd6 Qxd6 19. gxh5 Nxh5 20. e4 Qf6 21.
Qe3 Nh3+ 22. Kh1 Qh4 23. e5 N5f4 24. Nxf4 Nxf4 25. Ne2 Nxe2 26. Bxe2 Kg7 27.
Bd3 Rh8 28. Rd2 Rh5 29. f4 Bf5 30. Bxf5 Rxf5 31. Rg2 Rh8 32. Kg1 Qe7 33. a3 a5
34. Rf3 Rh4 35. h3 b6 36. Qf2 c5 37. Rg4 Rh8 38. Kg2 1/2-1/2

[Event "GBR-ch"]
[Site "Aberystwyth, Wales"]
[Date "2014.07.24"]
[Round "6.21"]
[White "Zhang, Anthony Y"]
[Black "Hackner, Oskar A"]
[Result "1/2-1/2"]
[WhiteElo "1926"]
[BlackElo "2108"]
[PlyCount "88"]
[EventDate "2014.07.19"]
[EventType "swiss"]
[EventRounds "11"]
[EventCountry "GBR"]
[Source "John Saunders"]
[SourceDate "2015.07.24"]

1. d4 Nf6 2. Nf3 e6 3. c4 b6 4. a3 Ba6 5. Qc2 Bb7 6. Nc3 c5 7. dxc5 bxc5 8. Bf4
Qb6 9. h3 d6 10. e3 Be7 11. Be2 O-O 12. O-O a5 13. Rfd1 Rd8 14. Rd2 Na6 15. e4
e5 16. Be3 Nc7 17. Nd5 Ncxd5 18. cxd5 Rdb8 19. Rdd1 Ba6 20. Bxa6 Rxa6 21. Rab1
Qb5 22. Nd2 Nd7 23. Nc4 a4 24. Bd2 Raa8 25. g3 Nb6 26. Rdc1 g6 27. Nxb6 Rxb6
28. Qc4 Qd7 29. Kg2 f5 30. f3 Rab8 31. Rc2 Rb3 32. Qf1 Qb5 33. Qxb5 R8xb5 34.
Kf2 fxe4 35. fxe4 Rxa3 36. bxa3 Rxb1 37. Rc4 Rb2 38. Ke1 Rb3 39. Rxa4 Rxg3 40.
Ra8+ Kf7 41. Ra7 Kf8 42. Ra8+ Kf7 43. Ra7 Ke8 44. Ra8+ Kf7 1/2-1/2

[Event "GBR-ch"]
[Site "Aberystwyth, Wales"]
[Date "2014.07.24"]
[Round "6.22"]
[White "Davis, Lee"]
[Black "Villiers, Thomas"]
[Result "0-1"]
[WhiteElo "1978"]
[BlackElo "2068"]
[PlyCount "78"]
[EventDate "2014.07.19"]
[EventType "swiss"]
[EventRounds "11"]
[EventCountry "GBR"]
[Source "John Saunders"]
[SourceDate "2015.07.24"]

1. d4 d5 2. g3 Nf6 3. Bg2 b5 4. Nf3 e6 5. Ne5 Bb7 6. c4 bxc4 7. Nxc4 Nc6 8.
Nca3 Bb4+ 9. Bd2 Qe7 10. Bc3 O-O 11. O-O Rfd8 12. Nc2 Bd6 13. Nba3 Ba6 14. Re1
Rab8 15. e4 Nxe4 16. Bxe4 dxe4 17. Rxe4 Nb4 18. Nxb4 Bxb4 19. Qa4 Bxa3 20. bxa3
Bb7 21. Rf4 f5 22. Re1 Qd6 23. h4 Qd5 24. f3 Qxa2 25. Qxa7 Bd5 26. Qc5 Rb1 27.
Rxb1 Qxb1+ 28. Kf2 Qc2+ 29. Ke3 Rb8 30. Bb4 Bc4 31. d5 Qe2+ 32. Kd4 e5+ 33. Kc3
Qd3+ 34. Kb2 exf4 35. Qxc7 Qd2+ 36. Kb1 Bd3+ 37. Ka1 Qd1+ 38. Kb2 Qb1+ 39. Kc3
Qc2+ 0-1

[Event "GBR-ch"]
[Site "Aberystwyth, Wales"]
[Date "2014.07.24"]
[Round "6.23"]
[White "Hill, Clive E"]
[Black "Simons, Martin J"]
[Result "1-0"]
[WhiteElo "2330"]
[BlackElo "2087"]
[PlyCount "73"]
[EventDate "2014.07.19"]
[EventType "swiss"]
[EventRounds "11"]
[EventCountry "GBR"]
[Source "John Saunders"]
[SourceDate "2015.07.24"]

1. d4 Nf6 2. e3 g6 3. Nf3 Bg7 4. Be2 O-O 5. O-O d6 6. b3 Nbd7 7. Bb2 e5 8. dxe5
Ng4 9. Nc3 Ngxe5 10. Nxe5 Nxe5 11. f4 Nc6 12. Rb1 Re8 13. Nd5 Be6 14. Bxg7 Kxg7
15. e4 f5 16. b4 Bxd5 17. exd5 Nb8 18. Bb5 c6 19. Qd4+ Qf6 20. Qxf6+ Kxf6 21.
Ba4 b5 22. Bb3 c5 23. bxc5 dxc5 24. c4 a6 25. Bd1 Nd7 26. cxb5 axb5 27. Rxb5
Rxa2 28. Rb7 Ke7 29. Bb3 Rd2 30. Re1+ Kf8 31. Re6 Rb8 32. Rxb8+ Nxb8 33. Ba4
Rd4 34. Bb5 Rb4 35. Re8+ Kf7 36. Rxb8 c4 37. Be8+ 1-0

[Event "GBR-ch"]
[Site "Aberystwyth, Wales"]
[Date "2014.07.24"]
[Round "6.24"]
[White "Brown, Thomas"]
[Black "Elwin, Adrian G"]
[Result "0-1"]
[WhiteElo "2104"]
[BlackElo "1974"]
[PlyCount "48"]
[EventDate "2014.07.19"]
[EventType "swiss"]
[EventRounds "11"]
[EventCountry "GBR"]
[Source "John Saunders"]
[SourceDate "2015.07.24"]

1. d4 Nf6 2. Nf3 g6 3. g3 Bg7 4. Bg2 O-O 5. O-O d6 6. a4 c6 7. a5 Bf5 8. Nh4
Bd7 9. c4 Na6 10. Nc3 Qc7 11. d5 cxd5 12. cxd5 b6 13. axb6 axb6 14. Nf3 Qc4 15.
Na4 Qc7 16. Nd4 Nc5 17. b3 b5 18. Nxc5 Rxa1 19. Nxd7 Nxd7 20. Nc6 Ne5 21. Qc2
Rfa8 22. Bb2 R1a2 23. Qb1 Rxb2 24. Qxb2 Nf3+ 0-1

[Event "GBR-ch"]
[Site "Aberystwyth, Wales"]
[Date "2014.07.24"]
[Round "6.25"]
[White "Fathallah, Joe"]
[Black "Horton, Justin"]
[Result "1/2-1/2"]
[WhiteElo "1953"]
[BlackElo "2104"]
[PlyCount "89"]
[EventDate "2014.07.19"]
[EventType "swiss"]
[EventRounds "11"]
[EventCountry "GBR"]
[Source "John Saunders"]
[SourceDate "2015.07.24"]

1. d4 Nf6 2. c4 g6 3. Nc3 Bg7 4. e4 d6 5. f3 a6 6. Be3 c6 7. Nge2 b5 8. Nc1
Nbd7 9. Qd2 e5 10. d5 b4 11. dxc6 bxc3 12. cxd7+ Bxd7 13. Qxc3 O-O 14. g3 Be6
15. Qd2 Qc7 16. b3 a5 17. Bg2 a4 18. Rb1 Rab8 19. Rb2 Rfc8 20. O-O Rb7 21. Rd1
Rcb8 22. Rc2 Bf8 23. Bf1 Nd7 24. bxa4 Rb4 25. c5 Nxc5 26. Bb5 Rb1 27. Nd3 Rxd1+
28. Qxd1 Qa5 29. Nxc5 dxc5 30. Bxc5 Rd8 31. Qc1 Bxc5+ 32. Rxc5 Bxa2 33. Rc8
Rxc8 34. Qxc8+ Kg7 35. Qc2 Be6 36. Kg2 Qb4 37. Bc6 Bc4 38. Bd5 Ba6 39. h4 Qd4
40. Bc6 Qb4 41. Bd5 h5 42. Qa2 Qe1 43. Qf2 Qb4 44. Qa2 Qe1 45. Qf2 1/2-1/2

[Event "GBR-ch"]
[Site "Aberystwyth, Wales"]
[Date "2014.07.24"]
[Round "6.26"]
[White "Wager, John D"]
[Black "Fraser, John"]
[Result "1-0"]
[WhiteElo "2099"]
[BlackElo "1854"]
[PlyCount "67"]
[EventDate "2014.07.19"]
[EventType "swiss"]
[EventRounds "11"]
[EventCountry "GBR"]
[Source "John Saunders"]
[SourceDate "2015.07.24"]

1. d4 Nf6 2. Nf3 g6 3. c4 Bg7 4. Nc3 d5 5. cxd5 Nxd5 6. Qb3 Nb6 7. Bf4 Be6 8.
Qc2 Nc6 9. e3 Nb4 10. Qd2 c6 11. Be2 Bc4 12. O-O N4d5 13. Bg3 Nxc3 14. bxc3 Qd5
15. Rfb1 f6 16. a4 Bxe2 17. Qxe2 Qa5 18. c4 Qa6 19. a5 Nxc4 20. Rc1 Ne5 21.
Qxa6 Nxf3+ 22. gxf3 bxa6 23. Rxc6 Kd7 24. Rc7+ Kd8 25. Rac1 h5 26. R1c6 h4 27.
Bd6 Bf8 28. Bc5 h3 29. Bxa7 Rh5 30. Bb6 Rg5+ 31. Kh1 Rb5 32. Ra7+ Ke8 33. Rxa8+
Kd7 34. Rc1 1-0

[Event "GBR-ch"]
[Site "Aberystwyth, Wales"]
[Date "2014.07.24"]
[Round "6.27"]
[White "Brusey, Alan W"]
[Black "Clancy, Martin J"]
[Result "1-0"]
[WhiteElo "1951"]
[BlackElo "2009"]
[PlyCount "87"]
[EventDate "2014.07.19"]
[EventType "swiss"]
[EventRounds "11"]
[EventCountry "GBR"]
[Source "John Saunders"]
[SourceDate "2015.07.24"]

1. e4 c5 2. c3 Nf6 3. e5 Nd5 4. Bc4 Qc7 5. Nf3 Nb6 6. Bb3 c4 7. Bc2 d5 8. exd6
Qxd6 9. O-O Bg4 10. d4 cxd3 11. Bxd3 Nc6 12. Na3 O-O-O 13. Be2 Qg6 14. Qb3 e6
15. Nc4 Nxc4 16. Qxc4 Bd6 17. Be3 Kb8 18. Nh4 Bxe2 19. Qxe2 Qf6 20. Nf3 Bf4 21.
Rfd1 Bxe3 22. Qxe3 h6 23. b4 Rxd1+ 24. Rxd1 Rd8 25. Rxd8+ Qxd8 26. g3 Qd5 27.
a4 a6 28. h4 e5 29. Qe2 b5 30. a5 f6 31. Qe3 Kc8 32. Ne1 e4 33. Qb6 Nb8 34. Qa7
Qd7 35. Qc5+ Kb7 36. Kg2 Qc7 37. Qe3 Qc6 38. Nc2 Nd7 39. Nd4 Qd5 40. h5 Ne5 41.
Nf5 Nc4 42. Qf4 e3+ 43. Qf3 Kc6 44. Ne7+ 1-0

[Event "GBR-ch"]
[Site "Aberystwyth, Wales"]
[Date "2014.07.24"]
[Round "6.28"]
[White "Lenier, Jude A"]
[Black "Hughes, Roy"]
[Result "1-0"]
[WhiteElo "2099"]
[BlackElo "2059"]
[PlyCount "55"]
[EventDate "2014.07.19"]
[EventType "swiss"]
[EventRounds "11"]
[EventCountry "GBR"]
[Source "John Saunders"]
[SourceDate "2015.07.24"]

1. e4 d5 2. exd5 Qxd5 3. Nc3 Qd6 4. d4 Nf6 5. Nf3 a6 6. g3 b5 7. Bg2 Bb7 8. O-O
e6 9. Ne5 Bxg2 10. Kxg2 Nbd7 11. Qf3 Rc8 12. Re1 c5 13. Bf4 cxd4 14. Ne4 Qd5
15. Nxd7 Qxd7 16. Be5 Nxe4 17. Rxe4 f6 18. Bxf6 gxf6 19. Qxf6 Rg8 20. Rxe6+ Be7
21. Rae1 Qb7+ 22. Kg1 Rc7 23. Rb6 Qc8 24. Rxa6 Rf8 25. Qh6 Rf7 26. Rae6 Kd8 27.
Qh5 Ke8 28. Rf6 1-0

[Event "GBR-ch"]
[Site "Aberystwyth, Wales"]
[Date "2014.07.25"]
[Round "7.1"]
[White "Hawkins, Jonathan"]
[Black "Zhou, Yang-Fan"]
[Result "1/2-1/2"]
[WhiteElo "2516"]
[BlackElo "2475"]
[PlyCount "118"]
[EventDate "2014.07.19"]
[EventType "swiss"]
[EventRounds "11"]
[EventCountry "GBR"]
[Source "John Saunders"]
[SourceDate "2015.07.24"]

1. d4 Nf6 2. c4 g6 3. Nc3 Bg7 4. e4 d6 5. Be2 O-O 6. Nf3 e5 7. O-O Nc6 8. Be3
Ng4 9. Bg5 f6 10. Bc1 Nh6 11. dxe5 dxe5 12. Qd5+ Nf7 13. Be3 Ne7 14. Qxd8 Rxd8
15. Nb5 Bg4 16. h3 Bxf3 17. Bxf3 c6 18. Nc7 Rac8 19. Ne6 Rd6 20. Nxg7 Kxg7 21.
Bc5 Re6 22. Rfd1 Rc7 23. b4 b6 24. Be3 c5 25. bxc5 bxc5 26. Rab1 Nd6 27. Rdc1
Nec8 28. Rc2 Nb6 29. Rbc1 Kf7 30. g3 Re8 31. Bg2 Rb8 32. f3 Nd7 33. Rd2 Ke7 34.
Bf1 Rb4 35. Rcd1 Rb6 36. g4 g5 37. h4 h6 38. hxg5 hxg5 39. Rh2 Nf7 40. Rd5 Rbc6
41. Rb2 Nd6 42. Rh2 Nf7 43. Rb2 Nd6 44. Rh2 Nb6 45. Rh7+ Nf7 46. Rd2 Nd7 47.
Kf2 Nf8 48. Rh1 Ne6 49. Kg3 Nd4 50. Rh7 Rb6 51. Bd3 Rb8 52. Rdh2 Rcc8 53. Bc1
Rh8 54. Ba3 Ne6 55. R7h5 Kd6 56. Bc2 Nd4 57. Ba4 Rxh5 58. gxh5 Nh6 59. Rd2 Nf7
1/2-1/2

[Event "GBR-ch"]
[Site "Aberystwyth, Wales"]
[Date "2014.07.25"]
[Round "7.2"]
[White "Ward, Chris G"]
[Black "Howell, David W L"]
[Result "0-1"]
[WhiteElo "2422"]
[BlackElo "2650"]
[PlyCount "74"]
[EventDate "2014.07.19"]
[EventType "swiss"]
[EventRounds "11"]
[EventCountry "GBR"]
[Source "John Saunders"]
[SourceDate "2015.07.24"]

1. d4 e6 2. Nf3 Nf6 3. Bg5 h6 4. Bh4 g5 5. Bg3 Ne4 6. Nbd2 Nxg3 7. hxg3 Bg7 8.
c3 b6 9. e3 Bb7 10. Bd3 d6 11. g4 Nd7 12. Ne4 Qe7 13. Qc2 h5 14. Rxh5 Rxh5 15.
gxh5 g4 16. Nfd2 f5 17. Ng3 Bxg2 18. Qa4 a6 19. O-O-O b5 20. Qa5 Nb6 21. e4 f4
22. Ne2 Bh6 23. Rg1 f3 24. Ng3 Bf4 25. Kc2 Bxg3 26. fxg3 Qg5 27. Nc4 Nxc4 28.
Bxc4 Kd8 29. Bd3 Qe3 30. Rd1 f2 31. e5 d5 32. Qa3 Kd7 33. Bxb5+ axb5 34. Qxa8
Qe2+ 35. Rd2 Be4+ 36. Kb3 Qxd2 37. Qf8 Qc2+ 0-1

[Event "GBR-ch"]
[Site "Aberystwyth, Wales"]
[Date "2014.07.25"]
[Round "7.3"]
[White "Pert, Nicholas"]
[Black "Williams, Simon K"]
[Result "1-0"]
[WhiteElo "2564"]
[BlackElo "2462"]
[PlyCount "109"]
[EventDate "2014.07.19"]
[EventType "swiss"]
[EventRounds "11"]
[EventCountry "GBR"]
[Source "John Saunders"]
[SourceDate "2015.07.24"]

1. d4 Nf6 2. Nf3 e6 3. c4 b6 4. a3 Ba6 5. Qc2 c5 6. d5 exd5 7. cxd5 g6 8. Bf4
d6 9. Nc3 Bg7 10. h4 h6 11. e4 Bxf1 12. Kxf1 O-O 13. Re1 Ng4 14. Nb5 Be5 15.
Nxe5 dxe5 16. Bc1 a6 17. Nc3 h5 18. f3 Nf6 19. Bg5 Qd6 20. Qa4 Nh7 21. Be3 f5
22. Bh6 Rd8 23. Qc2 Re8 24. Rh3 Ra7 25. exf5 gxf5 26. Rg3+ Kh8 27. Qxf5 Qxh6
28. Rg6 Qf8 29. Qxh5 Nd7 30. Ne4 Re7 31. Nd6 Ndf6 32. Qf5 Nxd5 33. Qxf8+ Nxf8
34. Rh6+ Kg8 35. Nc8 Rh7 36. Rxh7 Rxh7 37. Rxe5 Nf4 38. g3 Nd3 39. Rg5+ Rg7 40.
Rxg7+ Kxg7 41. Nxb6 Ne6 42. Ke2 Ne5 43. Ke3 Nd4 44. f4 Ng4+ 45. Kd3 Nf5 46. Ke4
Ngh6 47. Kd5 Nxg3 48. Kxc5 Kf7 49. b4 Nhf5 50. a4 Ne4+ 51. Kc6 Ke6 52. h5 Nd4+
53. Kc7 Nc2 54. h6 Nd6 55. f5+ 1-0

[Event "GBR-ch"]
[Site "Aberystwyth, Wales"]
[Date "2014.07.25"]
[Round "7.4"]
[White "Fernandez, Daniel Howard"]
[Black "Hebden, Mark L"]
[Result "1/2-1/2"]
[WhiteElo "2396"]
[BlackElo "2554"]
[PlyCount "95"]
[EventDate "2014.07.19"]
[EventType "swiss"]
[EventRounds "11"]
[EventCountry "GBR"]
[Source "John Saunders"]
[SourceDate "2015.07.24"]

1. b3 e5 2. Bb2 d6 3. e3 Nf6 4. c4 g6 5. d4 Bg7 6. Nf3 e4 7. Nfd2 O-O 8. Nc3
Re8 9. Be2 h5 10. Nf1 c6 11. h3 Na6 12. a3 Nc7 13. g4 h4 14. Nd2 d5 15. b4 Nh7
16. a4 Ng5 17. Qb3 dxc4 18. Bxc4 Be6 19. b5 Bxc4 20. Nxc4 Nf3+ 21. Kf1 Nd5 22.
Rd1 Rc8 23. bxc6 Nxc3 24. Bxc3 Qd5 25. Na5 bxc6 26. Kg2 Bf8 27. Rb1 Re6 28. Qc4
Bd6 29. Rhc1 Ba3 30. Rh1 Rc7 31. Rb8+ Kh7 32. Qb3 Be7 33. Re8 Bd8 34. Qxd5 cxd5
35. Rxd8 Rxc3 36. Rxd5 Rc2 37. Nb3 Rb6 38. Nc5 f5 39. Rd7+ Kh6 40. Rxa7 Rbb2
41. Rf1 Kg5 42. gxf5 gxf5 43. Nd3 Rb8 44. Ra6 Rb3 45. Nf4 Rxe3 46. Ne6+ Kf6 47.
Nf4+ Kg5 48. Ne6+ 1/2-1/2

[Event "GBR-ch"]
[Site "Aberystwyth, Wales"]
[Date "2014.07.25"]
[Round "7.5"]
[White "Emms, John M"]
[Black "Arkell, Keith C"]
[Result "1/2-1/2"]
[WhiteElo "2456"]
[BlackElo "2433"]
[PlyCount "43"]
[EventDate "2014.07.19"]
[EventType "swiss"]
[EventRounds "11"]
[EventCountry "GBR"]
[Source "John Saunders"]
[SourceDate "2015.07.24"]

1. e4 c6 2. c4 d5 3. cxd5 cxd5 4. exd5 a6 5. Nf3 Nf6 6. Nc3 Nxd5 7. Bc4 e6 8.
O-O Be7 9. d4 Nxc3 10. bxc3 O-O 11. Bd3 Nd7 12. Re1 b6 13. Qe2 Bb7 14. a4 Nf6
15. Bd2 Qd6 16. Ne5 Qd5 17. f3 Qd6 18. Reb1 Bd8 19. Nc4 Qc6 20. Ne5 Qd6 21. Nc4
Qc6 22. Ne5 1/2-1/2

[Event "GBR-ch"]
[Site "Aberystwyth, Wales"]
[Date "2014.07.25"]
[Round "7.6"]
[White "Pert, Richard G"]
[Black "Storey, Charles H"]
[Result "1-0"]
[WhiteElo "2430"]
[BlackElo "2241"]
[PlyCount "161"]
[EventDate "2014.07.19"]
[EventType "swiss"]
[EventRounds "11"]
[EventCountry "GBR"]
[Source "John Saunders"]
[SourceDate "2015.07.24"]

1. d4 Nf6 2. Bg5 c5 3. d5 Ne4 4. Bf4 Qb6 5. Nd2 Qxb2 6. Nxe4 Qb4+ 7. c3 Qxe4 8.
e3 g5 9. Bg3 Bg7 10. Rc1 Bf6 11. c4 d6 12. Nf3 Qg6 13. Qb3 b6 14. h4 h6 15. Bd3
Bf5 16. Be2 Nd7 17. a4 Qg7 18. Bd3 Bxd3 19. Qxd3 gxh4 20. Nxh4 Bxh4 21. Rxh4 h5
22. Kf1 Qg6 23. e4 f6 24. Re1 Ne5 25. Bxe5 fxe5 26. Qh3 Kd8 27. a5 Kc7 28. Qa3
Rhg8 29. g3 Qe8 30. Kg2 Rb8 31. axb6+ axb6 32. Qa7+ Rb7 33. Qa6 Qa8 34. Qb5 Ra7
35. Rb1 Rb8 36. Rxh5 Ra5 37. Qb3 Ra3 38. Qd1 Qa4 39. Rh7 Qxd1 40. Rxd1 Kd7 41.
Rb1 Ra4 42. f3 b5 43. cxb5 Ra2+ 44. Kh3 c4 45. Rc1 Ra4 46. g4 Rxb5 47. g5 Rb3
48. Kg4 Ra2 49. Rh3 c3 50. g6 Rg2+ 51. Rg3 Rxg3+ 52. Kxg3 Ke8 53. Kg4 Kf8 54.
Rc2 Kg7 55. Kf5 Ra3 56. Ke6 Kxg6 57. Kxe7 Kg5 58. Kxd6 Kf4 59. Ke6 Kxf3 60.
Kxe5 Ke3 61. d6 Kd3 62. d7 Ra5+ 63. Ke6 Kxc2 64. d8=Q Ra4 65. e5 Kb3 66. Qd3
Rb4 67. Kd5 Kb2 68. Kc5 Rb8 69. Qd4 Rc8+ 70. Kb6 Rb8+ 71. Kc7 Rb3 72. e6 Ka2
73. Qc4 Kb2 74. Qd4 Ka2 75. Qc4 Kb2 76. e7 c2 77. e8=Q c1=Q 78. Qe5+ Rc3 79.
Kb8 Qc2 80. Qb4+ Qb3 81. Qexc3+ 1-0

[Event "GBR-ch"]
[Site "Aberystwyth, Wales"]
[Date "2014.07.25"]
[Round "7.7"]
[White "Willmoth, Robert F"]
[Black "Tan, Justin"]
[Result "0-1"]
[WhiteElo "2159"]
[BlackElo "2375"]
[PlyCount "100"]
[EventDate "2014.07.19"]
[EventType "swiss"]
[EventRounds "11"]
[EventCountry "GBR"]
[Source "John Saunders"]
[SourceDate "2015.07.24"]

1. c4 e5 2. g3 Nf6 3. Bg2 h6 4. Nc3 Bb4 5. Nd5 Nxd5 6. cxd5 O-O 7. e3 d6 8. a3
Bc5 9. b4 Bb6 10. Bb2 Nd7 11. Ne2 Nf6 12. h3 Bf5 13. d4 Qe7 14. dxe5 dxe5 15.
Nc3 Rfd8 16. e4 Bg6 17. Qe2 a5 18. b5 a4 19. O-O Ne8 20. Kh1 Nd6 21. f4 f6 22.
Rab1 Bd4 23. Rfe1 exf4 24. gxf4 Re8 25. f5 Bxc3 26. Bxc3 Bxf5 27. Rb4 Bg6 28.
Qg4 Kh7 29. Bf3 Qf7 30. Rg1 Re7 31. Qh4 Rae8 32. Re1 b6 33. Kh2 Ra8 34. Bd1 Qe8
35. Bc2 Nxb5 36. Bb2 Nd6 37. Re2 c5 38. dxc6 Qxc6 39. Qf4 Nc4 40. Bd4 b5 41.
Qg3 Bxe4 42. Rxe4 Rxe4 43. Rxb5 Nd2 44. Bd3 Nf1+ 45. Bxf1 Rxd4 46. Bd3+ Kg8 47.
Rb8+ Rxb8 48. Qxb8+ Kf7 49. Qa7+ Qd7 50. Bc4+ Kg6 0-1

[Event "GBR-ch"]
[Site "Aberystwyth, Wales"]
[Date "2014.07.25"]
[Round "7.8"]
[White "Fernandez, Michael"]
[Black "Harvey, Marcus R"]
[Result "1/2-1/2"]
[WhiteElo "2029"]
[BlackElo "2287"]
[PlyCount "213"]
[EventDate "2014.07.19"]
[EventType "swiss"]
[EventRounds "11"]
[EventCountry "GBR"]
[Source "John Saunders"]
[SourceDate "2015.07.24"]

1. b4 d5 2. Bb2 Qd6 3. a3 e5 4. e3 Nd7 5. c4 dxc4 6. Bxc4 Nb6 7. Be2 e4 8. Nc3
Qg6 9. Qc2 Nf6 10. g3 c6 11. f3 exf3 12. Qxg6 f2+ 13. Kxf2 hxg6 14. Nf3 Bh3 15.
Rhe1 Bg4 16. Kg2 Nbd5 17. e4 Nc7 18. d4 a5 19. b5 Ne6 20. Rad1 Be7 21. bxc6
bxc6 22. d5 Nc5 23. dxc6 Bh3+ 24. Kg1 Ne6 25. Ne5 Bc5+ 26. Kh1 Bf2 27. Nd5 Bxe1
28. Rxe1 Nxe4 29. Bf3 N4g5 30. Bg2 f6 31. Nb6 Bxg2+ 32. Kxg2 Ra6 33. c7 Nxc7
34. Nxg6+ Nge6 35. Nxh8 Rxb6 36. Bc3 Rb5 37. Re4 Rc5 38. Be1 Rc2+ 39. Kf1 Kd7
40. Bxa5 Nd5 41. Re2 Rc1+ 42. Kf2 Nc5 43. Ng6 f5 44. Bb4 Ne4+ 45. Kg2 Ndf6 46.
Bf8 Nc3 47. Rd2+ Ke8 48. Bxg7 Nfe4 49. Bxc3 Nxd2 50. Bxd2 Rc2 51. Kf3 Rxd2 52.
Nh4 Rxh2 53. Nxf5 Ra2 54. Ke4 Rxa3 55. Ne3 Kf7 56. g4 Kg6 57. Nd5 Kg5 58. Ke5
Kxg4 59. Nf6+ Kg5 60. Ne4+ Kg6 61. Nd6 Re3+ 62. Ne4 Re1 63. Kf4 Kf7 64. Ke5 Ke7
65. Kd5 Rh1 66. Ke5 Rh5+ 67. Kd4 Ke6 68. Nc5+ Kd6 69. Ne4+ Kc6 70. Nf6 Rf5 71.
Ne4 Rd5+ 72. Ke3 Rd8 73. Kf4 Kd5 74. Nf6+ Ke6 75. Ne4 Rd4 76. Ke3 Kd5 77. Nc3+
Ke5 78. Ne2 Rh4 79. Kd3 Re4 80. Kd2 Ra4 81. Kd3 Rb4 82. Kc3 Rb8 83. Kd3 Rb2 84.
Nc3 Rb4 85. Ne2 Rh4 86. Nc3 Rd4+ 87. Ke3 Rc4 88. Kd3 Rc8 89. Ne4 Rd8+ 90. Ke3
Rh8 91. Ng3 Ra8 92. Kf3 Ra4 93. Ne2 Ra3+ 94. Kg4 Rb3 95. Ng3 Re3 96. Nh5 Re2
97. Kf3 Rh2 98. Nf4 Ra2 99. Nd3+ Kf5 100. Ke3 Ra4 101. Nf2 Rf4 102. Ke2 Rd4
103. Nd3 Rd5 104. Ke3 Rd8 105. Nc5 Rd6 106. Nd3 Rd5 107. Nf2 1/2-1/2

[Event "GBR-ch"]
[Site "Aberystwyth, Wales"]
[Date "2014.07.25"]
[Round "7.9"]
[White "McPhillips, Joseph"]
[Black "Lewis, Andrew P"]
[Result "0-1"]
[WhiteElo "2200"]
[BlackElo "2286"]
[PlyCount "96"]
[EventDate "2014.07.19"]
[EventType "swiss"]
[EventRounds "11"]
[EventCountry "GBR"]
[Source "John Saunders"]
[SourceDate "2015.07.24"]

1. e4 c5 2. Nf3 Nc6 3. d4 cxd4 4. Nxd4 Nf6 5. Nc3 d6 6. Bg5 e6 7. Qd2 Be7 8.
O-O-O O-O 9. f3 a6 10. h4 Qc7 11. Kb1 Rd8 12. g4 Rb8 13. h5 b5 14. Nxc6 Qxc6
15. h6 b4 16. Nd5 exd5 17. exd5 Qc3 18. Qg2 Qe5 19. f4 Qe4 20. Qxe4 Nxe4 21.
Bxe7 Re8 22. Bh4 Bxg4 23. Rd4 a5 24. Bh3 Bxh3 25. Rxh3 f5 26. a3 Nc5 27. hxg7
Re2 28. Rd1 Ne4 29. axb4 axb4 30. Be1 Kxg7 31. Rb3 Rc8 32. Bxb4 Rcxc2 33. Bc3+
Nxc3+ 34. bxc3 h5 35. Rg1+ Rg2 36. Rb7+ Kh6 37. Re1 h4 38. Re6+ Kh5 39. Rh7+
Kg4 40. Rg6+ Kh3 41. Rgh6 Rb2+ 42. Kc1 Rbf2 43. Rxh4+ Kg3 44. Rh1 Kxf4 45.
R7h4+ Ke5 46. c4 f4 47. Kb1 Kd4 48. Rd1+ Kc3 0-1

[Event "GBR-ch"]
[Site "Aberystwyth, Wales"]
[Date "2014.07.25"]
[Round "7.10"]
[White "Rudd, Jack"]
[Black "Taylor, Adam A"]
[Result "1-0"]
[WhiteElo "2278"]
[BlackElo "2021"]
[PlyCount "63"]
[EventDate "2014.07.19"]
[EventType "swiss"]
[EventRounds "11"]
[EventCountry "GBR"]
[Source "John Saunders"]
[SourceDate "2015.07.24"]

1. e4 c5 2. Nf3 Nc6 3. d4 cxd4 4. Nxd4 e5 5. Nb5 d6 6. c4 Be7 7. Be3 Be6 8.
N1c3 a6 9. Na3 Nf6 10. Nd5 Bxd5 11. cxd5 Nd4 12. Bd3 O-O 13. O-O Nd7 14. Qd2 f5
15. Bxd4 fxe4 16. Bxe4 exd4 17. Nc2 Nc5 18. Rae1 d3 19. Nd4 Bg5 20. f4 Bf6 21.
Ne6 Nxe6 22. dxe6 Qb6+ 23. Kh1 Qxb2 24. Qxd3 g6 25. Bxg6 hxg6 26. Qxg6+ Bg7 27.
e7 Rfe8 28. Qe6+ Kh7 29. Rf3 Bh6 30. Rg3 Rg8 31. Rxg8 Rxg8 32. Qxg8+ 1-0

[Event "GBR-ch"]
[Site "Aberystwyth, Wales"]
[Date "2014.07.25"]
[Round "7.11"]
[White "Wadsworth, Matthew J"]
[Black "Brown, Martin"]
[Result "1/2-1/2"]
[WhiteElo "2221"]
[BlackElo "2194"]
[PlyCount "84"]
[EventDate "2014.07.19"]
[EventType "swiss"]
[EventRounds "11"]
[EventCountry "GBR"]
[Source "John Saunders"]
[SourceDate "2015.07.24"]

1. c4 e5 2. g3 Nf6 3. Bg2 d5 4. cxd5 Nxd5 5. Nc3 Nb6 6. Nf3 Nc6 7. O-O Be7 8.
a3 O-O 9. b4 Be6 10. Rb1 f6 11. d3 a5 12. b5 Nd4 13. Nd2 c6 14. bxc6 Nxc6 15.
Na4 Nxa4 16. Qxa4 b5 17. Qd1 Qb6 18. Ne4 Rac8 19. Nc3 b4 20. Nd5 Qd8 21. Nxe7+
Qxe7 22. axb4 axb4 23. Bb2 Rfd8 24. e3 b3 25. Rc1 Qd7 26. Qd2 Kf7 27. Rfd1 Rc7
28. d4 exd4 29. exd4 Ne7 30. d5 Bg4 31. Rxc7 Qxc7 32. Re1 Qc5 33. Qf4 Bc8 34.
Bd4 Qb4 35. Qe3 Nf5 36. Qc3 Qxc3 37. Bxc3 Bb7 38. Rd1 Ne7 39. Ba5 Rd7 40. d6
Bxg2 41. Kxg2 Nf5 42. Rb1 Nxd6 1/2-1/2